000
00206 a2200097 4500
001
48214
100
_a
Aziz Ahmad
245
_a
Ghanghez Khan
260
_a
Lahore
_b
Maktaba Jadeed
_c
090
_c
31175
_d
31175
942
_a
NUST-CAE
_c
M
_c
23531
999
_c
283287
_d
283287